000 01073cam a22002531i 4500
003 SA-RiAUC
005 20250813045735.0
008 250810s1985 qa g f000 0 ara c
040 _aSA-JeALM
_bara
_cSA-RiAUC
_erda
082 0 4 _a257.1
090 _a257.1
_bا ب ن ج
100 1 _aابن جماعة، محمد بن إبراهيم بن سعد الله،
_d639-733 هجري
_eمؤلف.
245 1 0 _aتحرير الأحكام في تدبير أهل الإسلام /
_cبدر الدين بن جماعة ؛ تحقيق فؤاد عبد المنعم أحمد.
250 _aالطبعة الاولى.
264 1 _aالدوحة :
_bرئاسة المحاكم الشرعية،
_c1985.
300 _a358 صفحة
_c24 سم.
336 _aنص
_btxt
_2rdacontent
_3كتاب
337 _aبدون وسيط
_bn
_2rdamedia
338 _aمجلد
_bnc
_2rdacarrier
650 7 _aالنظام السياسي في الإسلام
_2aucsh
700 1 _aأحمد، فؤاد عبد المنعم،
_d1941-
_eمحقق.
942 _2ddc
_cBOOK
_n0
949 _aSA-JeALM
_d250810
_uosman123
_n1
999 _c10775
_d10775